Oracle power objects developers guide / (Record no. 133018)

MARC details
000 -LEADER
fixed length control field 00818nam a22002537a 4500
005 - DATE AND TIME OF LATEST TRANSACTION
control field 20170124110203.0
010 ## - LIBRARY OF CONGRESS CONTROL NUMBER
LC control number A-904518
020 ## - INTERNATIONAL STANDARD BOOK NUMBER
International Standard Book Number 0074631209
Terms of availability 00.00
035 ## - SYSTEM CONTROL NUMBER
System control number A-904518
037 ## - SOURCE OF ACQUISITION
Source of stock number/acquisition Cen Lib/Ret
040 ## - CATALOGING SOURCE
Original cataloging agency DPL
Language of cataloging EN
082 ## - DEWEY DECIMAL CLASSIFICATION NUMBER
Classification number 005.7565
Item number FIN
100 ## - MAIN ENTRY--PERSONAL NAME
Personal name Finkelstein, Rich
9 (RLIN) 69214
245 ## - TITLE STATEMENT
Title Oracle power objects developers guide /
Statement of responsibility, etc by Rich Finkelstein, Kasu Sista [and] Rick Greenwald
260 ## - PUBLICATION, DISTRIBUTION, ETC. (IMPRINT)
Place of publication, distribution, etc New Delhi
Name of publisher, distributor, etc Tata McGraw hill publishing company
Date of publication, distribution, etc 1997
270 ## - ADDRESS
Address 7 West patel nagar
City New Delhi
Postal code 110008
300 ## - PHYSICAL DESCRIPTION
Extent xxvii,427p.
Dimensions 22cm(Hb)
500 ## - GENERAL NOTE
General note Includes appendix and index
650 ## - SUBJECT ADDED ENTRY--TOPICAL TERM
Topical term or geographic name as entry element Computer science
9 (RLIN) 69215
650 ## - SUBJECT ADDED ENTRY--TOPICAL TERM
Topical term or geographic name as entry element Oracle
9 (RLIN) 69216
700 ## - ADDED ENTRY--PERSONAL NAME
Personal name Sista, Kasu
9 (RLIN) 36547
700 ## - ADDED ENTRY--PERSONAL NAME
Personal name Greenwald, Rick
9 (RLIN) 69217
942 ## - ADDED ENTRY ELEMENTS (KOHA)
Source of classification or shelving scheme Dewey Decimal Classification
Koha item type English Books
Classification part 005.7565
Call number suffix FIN
Holdings
Withdrawn status Lost status Damaged status Not for loan Home library Current library Date acquired Source of acquisition Cost, normal purchase price Total Checkouts Full call number Barcode Date last seen Copy number Cost, replacement price Price effective from Koha item type
        Central Library Central Library 24/07/2015 Cen Lib/Ret 0.00   005.7565 FIN A-904518 24/07/2015 1 0.00 24/07/2015 English Books

© Delhi Public Library
Hit Counter
free hit counter